UGA Football Roster 2025-2026 - Statistics

General Stats
  • This quiz has been taken 45 times
  • The average score is 41 of 128
Answer Stats
Hint Answer % Correct
14 QB Gunner Stockton
97%
1 WR Zachariah Branch
91%
2 S Zion Branch
91%
7 TE Lawson Luckie
85%
3 RB Nate Frazier
85%
4 TE Oscar Delp
85%
1 DB Ellis Robinson IV
76%
0 RB Roderick Robinson
76%
32 RB Cash Jones
74%
15 DB Demello Jones
74%
86 WR Dillon Bell
74%
3 ILB CJ Allen
71%
74 OL Drew Bobo
71%
31 DB Kyron Jones
71%
12 QB Ryan Puglisi
71%
22 S Todd Robinson
71%
38 ILB Cole Jones
68%
28 ILB Kris Jones
68%
5 WR Noah Thomas
68%
20 DB JaCorey Thomas
65%
81 WR Jeremy Bell
65%
92 DL Jordan Thomas
65%
4 DB KJ Bolden
65%
26 RB Micah Bell
65%
33 RB Chauncey Bowens
59%
10 TE Elyiss Williams
59%
2 RB Josh McCray
59%
91 PK Peyton Woodring
59%
24 RB Bo Walker
56%
92 P Brett Thorson
56%
19 ILB Justin Williams
56%
16 WR London Humphreys
56%
8 WR Colbie Young
53%
6 DB Daylen Everette
53%
13 WR Tyler J. Williams
53%
10 ILB Zayden Walker
53%
88 DL Nasir Johnson
50%
33 OLB Quintavius Johnson
50%
48 TE Cooper Johnson
47%
7 DB Daniel Harris
47%
71 OL Earnest Greene III
47%
90 DL Elijah Griffin
47%
0 OLB Gabe Harris Jr.
47%
57 OL Monroe Freeling
47%
5 ILB Raylen Wilson
47%
20 RB Dwight Phillips Jr.
44%
12 S Jaden Harris
44%
91 DE Justin Greene
44%
9 ILB Chris Cole
41%
52 OL Christen Miller
41%
6 WR CJ Wiley
41%
50 OL Cortez Smith
41%
90 P Drew Miller
41%
8 DB Joenel Aguero
41%
9 TE Ethan Barbour
38%
19 QB Hezekiah Millender
38%
15 Qb Ryan Montgomery
38%
11 WR Talyn Taylor
38%
84 WR Landon Roldan
35%
18 WR Sacovie White‑Helton
35%
47 WR Will Taylor
35%
44 DL Jordan Hall
32%
73 OL Juan Gaston
32%
56 OL Micah Morris
32%
14 S Adrian Maddox
29%
43 DB Ali Hall
29%
23 TE Jaden Reddell
29%
18 OLB Elo Modozie
24%
29 DE Isaiah Gibson
21%
51 OL Malachi Toliver
21%
83 WR Cole Speer
18%
64 OL Jahzare Jackson
18%
17 QB Colter Ginn
15%
95 DL Nnamdi Ogboko
15%
27 S Rasean Dinkins
15%
88 WR Thomas Blackshear
15%
94 DL Xzavier McLeod
15%
13 ILB AJ Kruah
12%
60 SN Beau Gardner
12%
55 OL Bo Hughley
12%
70 OL Daniel Calhoun
12%
63 OL Dontrell Glover
12%
96 DL JJ Hanne
12%
75 OL Mason Short
12%
79 OL Nyier Daniels
12%
93 P Carter Horton
9%
24 DB Dominick Kelly
9%
81 DT Josh Horton
9%
29 WR Luke Bennett
9%
76 OL Marcus Harrison
9%
52 DL Michael Uini
9%
30 ILB Terrell Foster
9%
85 OLB Chase Linton
6%
47 ILB Clayton Hood
6%
82 TE Colton Heinrich
6%
46 WR Danny Curran
6%
41 DB Denton Shamburger
6%
16 CB Maurice Hayes
6%
31 RB Wade Penn
6%
38 RB Brandon Mathis
3%
98 PK Connor Ferguson
3%
11 OLB Darren Ikinnagbon
3%
65 OL Dennis Uzochukwu
3%
48 OLB Duncan Carpenter
3%
54 OL Eli Barrow
3%
30 RB Gannon Hearst
3%
60 OL Henry Peagler
3%
36 WR Jackson St. Clair
3%
72 OL Jamal Meriweather
3%
17 DB Jaylan Morgan
3%
25 DB Jontae Gilbert
3%
35 WR Kavon Townsend
3%
23 DB Ondre Evans
3%
42 TE Patrick Hester
3%
28 WR Walter Blanchard
3%
51 SN Will Snellings
3%
37 WR Benjamin McElreath
0%
67 DL Clinton Barlow
0%
26 S Daniel Okonkwo
0%
41 TE David Lalaian
0%
94 PK Henry Bates
0%
37 DB Henry Waller
0%
35 S Jacob Fleming
0%
96 PK Liam Badger
0%
55 DT London Seymour
0%
39 WR Miles Thornton
0%
78 OL Tate Nelms
0%
54 OL Waltclaire Flynn Jr.
0%
No matching quizzes found
Score Distribution
Percent of People with Each Score
Percentile by Number Answered
Your Score History
You have not taken this quiz